000 00683nam a2200205 i 4500
001 186860
003 ES-MaACL
005 20250708063343.0
008 170223s1910 sp |||| | spa d
080 _a821.134.2-32"19"
100 1 _aGálvez, Pedro Luis de,
_d1882-1940
_953712
245 1 0 _aLa santita de Sierra Nevada /
_cnovela de Pedro Luis de Gálvez ; ilustraciones de Pueyo.
260 _aMadrid :
_bLos Contemporáneos,
_c1910.
300 _a[20] p. :
_bil. ;
_c28 cm.
490 1 _aLos contemporáneos ;
_v105
700 1 _aPueyo, J.
_9161712
830 0 _aLos contemporáneos ;
_v105
_9185715
852 _aES-MaACL
_jR-2599(27)
999 _c186860
_d186860